000 00664nam a2200241Ia 4500
003 OSt
005 20220918180808.0
006 a|||||r|||| 00| 0
007 ta
008 220917b |||||||| |||| 00| 0 eng d
024 _a24,184
037 _cTextual
040 _aARTS
_cARTS
_beng
041 _2eng
_aeng
082 _aO111:gM, M1
100 _aAers David
_957123
245 0 _aRomanticism and ideology
_b studies in English writing 1765-1830
260 _aLondon
_bRoutledge and Kegan Paul
_c1981
300 _a194p.
_ccm.
650 _aENGLISH LITERATURE
942 _hO111:gM, M1
_cTEXL
_2CC
999 _c163164
_d163164